000 00707nam a2200169 4500
005 20260311112543.0
008 260311b |||||||| |||| 00| 0 eng d
041 _aMarathi
082 _aX 891 KAR B12321
100 _aकरंबेळकर, दिलीप
_9216999
245 _aविवेक आधुनिक महाराष्ट्राची जडणघडण शिल्पकार चरित्रकोश
_b: ही गाथा कर्तृत्वाची! प्रगल्भ नेतृत्वाची!
250 _a1st 2026
260 _aMumbai
_bSaptahik Vivek Hindustan Prakashan Samstha
300 _a800p
_bPb
365 _aRupaye
_b1200
_cINR
942 _cBK
999 _c370686
_d370686